| 000 | 006450000a22002050004500 | ||
|---|---|---|---|
| 001 | 768714001 | ||
| 003 | CO-MdFUSB | ||
| 005 | 20170418114953.0 | ||
| 008 | 170418s2008 i ||||| |||| 00| 0 e d | ||
| 022 | _a1126-8557 | ||
| 040 |
_aCO-MdFUSB _bspa _cCO-MdFUSB _dCO-MdFUSB |
||
| 041 | _aeng | ||
| 100 | 1 | _aWilliams, Thomas D. | |
| 245 | 1 | 0 | _aThe one and the many. unity, diversity and the common good. |
| 300 |
_aVolumen 10, número 3, (2007), páginas 387-398 _c24 cm. |
||
| 546 | _aTexto en inglés | ||
| 650 | 1 | 4 | _aUNIDAD Y PLURALIDAD |
| 773 | 0 |
_tAlpha omega _049514 _961518 _gVolumen 10, número 3, (2007) _qpáginas 387-398 |
|
| 942 | _cANA | ||
| 999 |
_c63173 _d63173 |
||